000 00433nam a2200169 a 4500
001 0000-9017
003 ELIB.Books
008 110520 1969
035 _a(ELIB.Books)0000-9166
082 _a242
_bNee
100 _aNee, Watchman
245 _aTwelve Baskets Full. Vol-III
260 _bHong Kong: Church Book Room
_c1969
650 _aDevotional Theology
942 _2ddc
_cBK
998 _cbat
_e2011-05-20
999 _c9017
_d9017